• 首页
  • 本馆介绍
  • 公告通知
  • 最新文献
  • 馆藏检索
  • 电子资源
  • 读者导购
  • 参考咨询
  • 我的图书馆
  • 登录
  • 详细信息显示
  • 放入我的书架
  • 预约/预借图书
  • 作者相关作品
  • 分类相关作品
  • 丛书相关作品
  • 出版社相关作品

书目信息

  • 表格格式
  • 工作单格式
  • 卡片格式
题名:
影视受众论
    
 
作者: 黄会林 著
分册:  
出版信息: 北京   北京师范大学出版社  2007
页数: 276页
开本: 23cm
丛书名: 影视受众研究丛书
单 册:
中图分类: J943.13
科图分类:
主题词: 电视--大众传播--研究 , 电影--大众传播--研究 , 电视 , 大众传播 , 电影
电子资源:
ISBN: 978-7-303-08357-2
000 00938oam2 2200301 45
001 1029817785
005 20100429090714.18
010    @a978-7-303-08357-2@dCNY27.00
100    @a20100419d2007 em y0chiy0120 ea
101 0  @achi
102    @aCN@b110000
105    @ay z 000yy
106    @ar
200 1  @a影视受众论@AYing Shi Shou Zhong Lun@f黄会林等著@FHuang Hui Lin Deng Zhu
210    @a北京@c北京师范大学出版社@d2007
215    @a276页@d23cm
225 2  @a影视受众研究丛书
330    @a本书主要内容围绕“中国影视受众”,就整体与分体丛三个层面展开论述。有受众研究的起源与历史、影视受众研究及其两种范式等章节。
461  0 @12001 @a影视受众研究丛书
606 0  @a电视@x大众传播@x研究
606 0  @a电影@x大众传播@x研究
606 0  @a电视
606 0  @a大众传播
606 0  @a电影
690    @aJ943.13@v4
701  0 @a黄会林@AHuang Hui Lin@4著
801  0 @aCN@bTANGWEI@c20100429
905    @b0592629-33@dJ943.13@e242@f5
    
    影视受众论/黄会林等著.-北京:北京师范大学出版社,2007
    276页;23cm.-(影视受众研究丛书)
    
    
    ISBN 978-7-303-08357-2:CNY27.00
    本书主要内容围绕“中国影视受众”,就整体与分体丛三个层面展开论述。有受众研究的起源与历史、影视受众研究及其两种范式等章节。
●
相关链接 在E读中查询图书 在五车中查询图书 在当当中查询图书 在豆瓣中查询图书


正题名:影视受众论     索取号:J943.13/242         预约/预借

序号 登录号 条形码 馆藏地/架位号 状态 备注
1 0592629   205926293   第一样本阅览室/ [索取号:J943.13/242] 在馆    
2 0592630   205926300   第一借阅区/ [索取号:J943.13/242] 在馆    
3 0592631   205926319   第一借阅区/ [索取号:J943.13/242] 在馆    
4 0592632   205926328   第一借阅区/ [索取号:J943.13/242] 在馆    
5 0592633   205926337   第一借阅区/ [索取号:J943.13/242] 在馆    
唐山师范学院图书馆 欢迎您!
大连网信软件有限公司© 版权所有